000 00727nam a2200289Ia 4500
008 160803s9999 xx 000 0 und d
020 _a9781416978077
100 _aMahy, Margaret
245 4 _aThe Magician of Hoad /
245 _cMargaret Mahy.
260 _aNew York :
260 _bScholastic Inc.
260 _c2009
300 _axiii, 411 pages ;
300 _c22 cm
650 _aBoys --
650 _aIdentity (Psychology) --
650 _aMagicians --
650 _aRoyal houses --
650 _aVisions --
650 _xJuvenile fiction.
650 _xJuvenile fiction.
650 _xJuvenile fiction.
650 _xJuvenile fiction.
650 _xJuvenile fiction.
700 _a1010
999 _c298785
_d298785